Detalles MARC
| 000 -LEADER |
| fixed length control field |
03273nam a2200457Ii 4500 |
| 001 - CONTROL NUMBER |
| control field |
DIGUDS05174 |
| 003 - CONTROL NUMBER IDENTIFIER |
| control field |
NyNyDIG |
| 006 - FIXED-LENGTH DATA ELEMENTS--ADDITIONAL MATERIAL CHARACTERISTICS |
| fixed length control field |
m o d |
| 007 - PHYSICAL DESCRIPTION FIXED FIELD--GENERAL INFORMATION |
| fixed length control field |
cr ||||||||||| |
| 008 - FIXED-LENGTH DATA ELEMENTS--GENERAL INFORMATION |
| fixed length control field |
130301s2011 sp a ob 100 0 spa d |
| 020 ## - INTERNATIONAL STANDARD BOOK NUMBER |
| International Standard Book Number |
9788490120972 |
| Qualifying information |
(eBook) |
| 020 ## - INTERNATIONAL STANDARD BOOK NUMBER |
| Canceled/invalid ISBN |
9788478001521 |
| 020 ## - INTERNATIONAL STANDARD BOOK NUMBER |
| Canceled/invalid ISBN |
8478001522 |
| 035 ## - SYSTEM CONTROL NUMBER |
| System control number |
(OCoLC)802054797 |
| 040 ## - CATALOGING SOURCE |
| Original cataloging agency |
DGITA |
| Language of cataloging |
eng |
| Description conventions |
pn |
| Transcribing agency |
DGITA |
| 050 14 - LIBRARY OF CONGRESS CALL NUMBER |
| Classification number |
HQ1121 eBook |
| 245 00 - TITLE STATEMENT |
| Title |
Mujeres en la historia, el arte y el cine : |
| Remainder of title |
discursos de género, variantes de contenidos y soportes : de la palabra al audiovisual / |
| Statement of responsibility, etc. |
David Hidalgo Rodríguez, Noemí Cubas Martín, María Esther Martínez Quinteiro, (eds.). |
| 250 ## - EDITION STATEMENT |
| Edition statement |
1a. ed. |
| 264 #1 - PRODUCTION, PUBLICATION, DISTRIBUTION, MANUFACTURE, AND COPYRIGHT NOTICE |
| Place of production, publication, distribution, manufacture |
Salamanca : |
| Name of producer, publisher, distributor, manufacturer |
Ediciones Universidad de Salamanca, |
| Date of production, publication, distribution, manufacture, or copyright notice |
2011. |
| 300 ## - PHYSICAL DESCRIPTION |
| Extent |
1 online resource (197 pages) : |
| Other physical details |
ill. |
| 336 ## - CONTENT TYPE |
| Content type term |
text |
| Content type code |
txt |
| Source |
rdacontent |
| 337 ## - MEDIA TYPE |
| Media type term |
computer |
| Media type code |
c |
| Source |
rdamedia |
| 338 ## - CARRIER TYPE |
| Carrier type term |
online resource |
| Carrier type code |
cr |
| Source |
rdacarrier |
| 490 1# - SERIES STATEMENT |
| Series statement |
Colección Aquilafuente ; |
| Volume/sequential designation |
174. |
| 500 ## - GENERAL NOTE |
| General note |
Ponencias presentadas en el curso "La mujer a través de la historia y el arte" (14 al 16 de septiembre de 2009), y en el curso "Cine y mujer en perspectiva histórica" (5 al 7 de julio de 2010) en la Escuela de Verano de la Universitat de Salamanca en Trabanca. |
| 504 ## - BIBLIOGRAPHY, ETC. NOTE |
| Bibliography, etc. note |
Includes bibliographical references. |
| 505 0# - FORMATTED CONTENTS NOTE |
| Formatted contents note |
Introducción / M.a Esther Martínez Quinteiro -- Género, dominación y conflicto en la mitología griega / Iván Pérez Miranda -- La matrona y las mujeres de la Roma antigua. Un estereotipo femenino a través de las imágenes religiosas y las normas legales / Rosa María Cid López -- La mujer rural española vista a través de la mirada urbana: primeros investigadores extranjeros en trabajos de campo antes de la Guerra Civil española / Matilde Olarte Martínez -- La mujer-objeto / el hombre-sujeto en la pintura de los hermanos Álvarez Dumont / Laura Triviño Cabrera -- La magia del precine (en femenino) / Francisco Javier Frutos Esteban y Carmen López San Segundo -- Las otras historias de Deepa Mehta. Un acercamiento de género a Agua (2005) / Lucylea Gonçalves França y Jorge Diego Sánchez -- Ciudad Juárez: la imagen del feminicidio en el cine / Sofía Corral Soto -- Explotación sexual y trata de mujeres / Asociación para la Prevención, reinserción y atención a la mujer -- prostituida -- Un viaje por la memoria de las mujeres de Trabanca / Noemí Cubas Martín -- La mujer de Arribes del Duero: contribuciones desde la historia a propósito del papel de la mujer en la configuración de los modelos de vida tradicionales en el ámbito rural de la Península Ibérica / David Hidalgo Rodríguez. |
| 650 #0 - SUBJECT ADDED ENTRY--TOPICAL TERM |
| Topical term or geographic name entry element |
Women |
| General subdivision |
History |
| Form subdivision |
Congresses. |
| 650 #0 - SUBJECT ADDED ENTRY--TOPICAL TERM |
| Topical term or geographic name entry element |
Women in art |
| Form subdivision |
Congresses. |
| 650 #0 - SUBJECT ADDED ENTRY--TOPICAL TERM |
| Topical term or geographic name entry element |
Women cinematographers |
| Form subdivision |
Congresses. |
| 655 #0 - INDEX TERM--GENRE/FORM |
| Genre/form data or focus term |
Electronic books. |
| 700 1# - ADDED ENTRY--PERSONAL NAME |
| Personal name |
Hidalgo Rodríguez, David. |
| 700 1# - ADDED ENTRY--PERSONAL NAME |
| Personal name |
Cubas Martín, Noemí. |
| 700 1# - ADDED ENTRY--PERSONAL NAME |
| Personal name |
Martínez Quinteiro, María Esther. |
| 791 2# - |
| -- |
Digitalia (Firm), |
| -- |
distributor. |
| 793 0# - |
| -- |
Digitalia eBook Collection: |
| -- |
Ediciones Universidad de Salamanca. |
| 830 #0 - SERIES ADDED ENTRY--UNIFORM TITLE |
| Uniform title |
Aquilafuente ; |
| Volume/sequential designation |
174. |
| 856 40 - ELECTRONIC LOCATION AND ACCESS |
| Materials specified |
Digitalia Hispánica |
| Uniform Resource Identifier |
<a href="https://www.digitaliapublishing.com/a/17318/">https://www.digitaliapublishing.com/a/17318/</a> |
| 910 ## - USER-OPTION DATA (OCLC) |
| User-option data |
Premium Collection: 2007-2012 |
| 942 ## - ADDED ENTRY ELEMENTS (KOHA) |
| Koha item type |
Recurso Electrónico |